000 00233nam a22001097a 4500
999 _c14064
_d14064
082 _a150
100 _aSadaf & Shamoon
245 _aPsychophysiology of Stress
260 _aPakistan
_bAEIRC
_c2014
300 _a147 pages
942 _cBK